00575nam a22001817a 450000500170000001000150001702000260003202000230005803500130008103700130009408200080010710000210011524500900013626000370022627000580026330000220032150000500034320130521111013.0 aENG-107199 a9788178243481c895.00 a8178243482c895.00 aEN-90732 bDBAD/PUB a954 aLahiri, Nayanjot00aMarshalling the past :cby Nayanjot Lahiribancient India and its mordern histories / aRanikhetbPermanent Blackcc2012 aHimalaya, Mall Road, Ranikhet CanttbRanikhete263645 ax,452p.c23cm(Hb) aIncludes bibliographical references and index